(Khmer) museum of economics and finance / (Record no. 50041)
| 000 -LEADER | |
|---|---|
| fixed length control field | 00290nam a2200109 4500 |
| 020 ## - INTERNATIONAL STANDARD BOOK NUMBER | |
| International Standard Book Number | 9789924342120 |
| 245 ## - TITLE STATEMENT | |
| Title | (Khmer) museum of economics and finance / |
| 260 ## - PUBLICATION, DISTRIBUTION, ETC. (IMPRINT) | |
| Place of publication, distribution, etc | Cambodia: |
| Name of publisher, distributor, etc | Sipar; |
| Date of publication, distribution, etc | 2025. |
| 300 ## - PHYSICAL DESCRIPTION | |
| Extent | 44 p. |
| Other physical details | col. ill. |
| Dimensions | 21 cm. |
| 490 ## - SERIES STATEMENT | |
| Series statement | I want to know; |
| 942 ## - ADDED ENTRY ELEMENTS (KOHA) | |
| Source of classification or shelving scheme | |
| Koha item type | Khmer NON FIC Books |
| Withdrawn status | Lost status | Source of classification or shelving scheme | Damaged status | Not for loan | Collection code | Home library | Current library | Date acquired | Total Checkouts | Full call number | Barcode | Date last seen | Date checked out | Price effective from | Koha item type |
|---|---|---|---|---|---|---|---|---|---|---|---|---|---|---|---|
| Siem Riep | Asian Hope Secondary Library | Asian Hope Secondary Library | 01/13/2026 | 1 | KHMER 330.9596 MUS | 210154 | 02/03/2026 | 01/27/2026 | 01/13/2026 | Khmer NON FIC Books |